| 000 -NÁVESTIE |
| fixed length control field |
00369nam a2200169 4500 |
| 008 - ÚDAJE S PEVNOU DĹŽKOU – VŠEOBECNÉ INFORMÁCIE |
| fixed length control field |
190521s1995||||CZ d |
| 020 ## - MEDZINÁRODNÉ ŠTANDARDNÉ ČÍSLO KNIHY (ISBN) |
| Medzinárodné štandardné číslo knihy (ISBN) |
8071691550 |
| Údaje o dostupnosti |
0 |
| 041 1# - KÓD JAZYKA |
| Kód jazyka textu/zvukovej stopy alebo samostatných nápisov |
cze |
| 044 ## - KÓD KRAJINY VYDAVATEĽA/PRODUCENTA |
| Kód krajiny MARC |
CZ |
| 100 1# - OSOBNÉ MENÁ – VŠEOBECNÉ INFORMÁCIE |
| Osobné meno |
Vinar Oldrich |
| -- |
1101 |
| 245 10 - NÁZOV |
| Názov |
Léky pro duši |
| 260 ## - VYDAVATEĽSKÉ ÚDAJE, DISTRIBÚCIA ATĎ. |
| Miesto publikovania, distribúcie atď. |
Praha |
| Dátum publikovania, distribúcie atď. |
1995 |
| Názov vydavateľa, distibútora atď. |
Grada |
| 250 ## - ÚDAJ O PORADÍ VYDANIA |
| Údaj o poradí vydania |
1.vydanie |
| 300 ## - FYZICKÝ POPIS |
| Rozsah |
218s. |
| 490 ## - EDÍCIA |
| Edícia |
hueber |
| 958 ## - Formálny deskriptor |
| Formálny deskriptor |
A |